| 000 | 00689nam a2200217Ia 4500 | ||
|---|---|---|---|
| 001 | 10680 | ||
| 003 | GE_BSU | ||
| 008 | 181216s||||||||xx |||||||||||||| ||und|| | ||
| 040 | _cGE_BSU | ||
| 080 | _a821.353.1-1 | ||
| 100 | _aფორჩხიძე,შალვა | ||
| 245 | _aშენ ხარ ვენახი. | ||
| 245 | _bლექსები | ||
| 245 | _cრედ.ალეკო შენგელია;მხატვ.ირ.ჯანაშვილი | ||
| 260 | _aთბილისი. | ||
| 260 | _bსაბჭ.მწერალი. | ||
| 260 | _c1956. | ||
| 300 | _a147გვ;16სმ. | ||
| 653 | _aშენ ხარ ვენახი. | ||
| 942 | _cBK | ||
| 999 |
_c43931 _d43931 |
||